Municípios de São Paulo com a letra A - Statistics

Estatísticas Gerais
  • Esse quiz foi jogado 142 vezes
  • A pontuação média é 14 de 51
Estatísticas das Respostas
Município % Correto
Americana
75%
Araçatuba
64%
Araraquara
64%
Araras
59%
Andradina
54%
Atibaia
54%
Águas de Lindóia
49%
Avaré
44%
Aparecida
43%
Aguaí
39%
Arujá
38%
Assis
38%
Adolfo
36%
Águas de São Pedro
36%
Alumínio
34%
Águas de Santa Bárbara
33%
Altinópolis
33%
Amparo
33%
Águas da Prata
31%
Américo Brasiliense
31%
Analândia
30%
Agudos
26%
Altair
26%
Avaí
26%
Alto Alegre
25%
Artur Nogueira
21%
Américo de Campos
20%
Aramina
20%
Avanhandava
20%
Ariranha
18%
Aspásia
16%
Anhembi
15%
Arapeí
15%
Arco-Íris
15%
Alambari
13%
Álvares Florence
13%
Álvares Machado
13%
Areias
13%
Alfredo Marcondes
11%
Álvaro de Carvalho
11%
Arealva
11%
Auriflama
11%
Anhumas
10%
Aparecida d'Oeste
10%
Araçoiaba da Serra
10%
Angatuba
8%
Apiaí
8%
Araçariguama
8%
Arandu
8%
Alvinlândia
7%
Areiópolis
5%
Nenhum quiz correspondente encontrado
Distribuição das Pontuações
Porcentagem de Pessoas com Cada Pontuação
Percentil de Números Respondidos
Sua Pontuação Histórica
Você não jogou esse quiz